| 000 | 02733cam0 2200637 ib4500 | ||
|---|---|---|---|
| 001 | BY-NLB-br0001801003 | ||
| 005 | 20260429104156.0 | ||
| 010 |
^a978-985-06-3594-5 ^bу пераплёце |
||
| 035 | ^a(BY-MI0006)BY-NLB-br0001801003 | ||
| 035 | ^a(BY-MI0011)BY-NLB-br0001801003 | ||
| 035 | ^a(BY-MI0000)BY-NLB-br0001801003 | ||
| 100 | ^a20230223d2024 d y0bely50 ca | ||
| 101 | 0 | ^abel | |
| 102 | ^aBY | ||
| 105 | ^aa z 000zy | ||
| 109 | ^ama | ||
| 200 | 1 |
^aАповесці і апавяданні ^e[для сярэдняга и старэйшага школьнага ўзросту] ^fЯнка Маўр |
|
| 205 | ^a2-е выданне | ||
| 210 |
^aМінск ^cВышэйшая школа ^d2024 |
||
| 215 |
^a367 с. ^cіл. ^d22 см |
||
| 225 | 1 | ^aЧытай і слухай | |
| 300 | ^aСЗЛ | ||
| 304 | ^aПерад выпускнымі данымі аўтар: Янка Маўр (Іван Міхайлавіч Фёдараў) | ||
| 327 | 1 | ^aЗмест:У краіне райскай птушкі ; Сын вады ; Палескія рабінзоны ; Слёзы Тубі ; ТВТ ; Шчасце | |
| 333 | ^a12+ | ||
| 345 | ^9800 экз. | ||
| 464 | 0 |
^12001 ^aУ краіне райскай птушкі |
|
| 464 | 0 |
^12001 ^aСын вады |
|
| 464 | 0 |
^12001 ^aПалескія рабінзоны |
|
| 464 | 0 |
^12001 ^aСлёзы Тубі |
|
| 464 | 0 |
^12001 ^aТВТ |
|
| 464 | 0 |
^12001 ^aШчасце |
|
| 608 |
^aПОВЕСТЬ ^3BY-NLB-ar23936 ^2BYGNR |
||
| 608 |
^aАПОВЕСЦЬ ^3BY-NLB-ar23937 ^2BYGNR |
||
| 608 |
^aРАССКАЗ ^3BY-NLB-ar27475 ^2BYGNR |
||
| 608 |
^aАПАВЯДАННЕ (літ. твор) ^3BY-NLB-ar27476 ^2BYGNR |
||
| 608 |
^aДЕТСКАЯ И ЮНОШЕСКАЯ ЛИТЕРАТУРА (художеств. произведение) ^3BY-NLB-ar9019 ^2BYGNR |
||
| 608 |
^aДЗІЦЯЧАЯ І ЮНАЦКАЯ ЛІТАРАТУРА (мастацкі твор) ^3BY-NLB-ar9020 ^2BYGNR |
||
| 615 |
^aБелорусский национальный документ ^3BY-SEK-ar1826174 |
||
| 686 |
^a84(4Беі)-4 ^2rubbk |
||
| 690 |
^a1 ^2Base ^9BY-MI0000 ^xRSEK |
||
| 700 | 1 |
^aМаўр ^bЯ. ^3BY-NLB-ar2351183 |
|
| 801 | 0 |
^aBY ^bBY-BR0000 ^c20230223 ^gRCR |
|
| 801 | 2 |
^aBY ^bBY-MA0000 ^c20231115 ^gRCR |
|
| 801 | 2 |
^aBY ^bBY-HR0011 ^c20241219 ^gRCR |
|
| 801 | 2 |
^aBY ^bBY-MI0000 ^c20250214 ^gRCR |
|
| 899 | 0 |
^aBY-MI0000 ^iМ35 ^h84(4Беі) |
|